Una proposta de gestió i planificació de la fase d'execució de l'obra / Carles Puiggrós i Lluelles
Descripción Física:
35 p. ; 30 cm
Colección:
Papers de gestió ; 7
Materias:
Construcció
MARC
| LEADER | 00000nam a2200000Ia 4500 | ||
|---|---|---|---|
| 001 | 10327 | ||
| 008 | 160829s1993 xx 000 0 cat d | ||
| 080 | |a M-3-136 | ||
| 100 | |a Puiggròs, Carles |9 25317 | ||
| 245 | |a Una proposta de gestió i planificació de la fase d'execució de l'obra / Carles Puiggrós i Lluelles | ||
| 260 | |a Barcelona : |b Diputació de Barcelona, Servei d'Acció Local, |c 1993 | ||
| 300 | |a 35 p. ; |c 30 cm | ||
| 490 | |a Papers de gestió ; 7 | ||
| 590 | |a Títol a la coberta: Programa d'Assessorament Municipal en Gestió d'Obres. | ||
| 650 | |a Construcció |9 37787 | ||
| 710 | 1 | |a Barcelona (Catalunya : Província). |b Servei d'Acció Local |9 55536 | |
| 901 | |a Arxiu | ||
| 942 | |n 1 | ||
| 952 | |0 0 |1 0 |4 0 |6 M3136 |7 1 |9 43547 |a Arxiu |b Arxiu |d 2016-12-01 |l 0 |o M-3-136 |p 10327 |r 2016-12-01 00:00:00 |w 2016-12-01 |y ARXIU | ||
| 999 | |c 46093 |d 46093 | ||